مكتبة جامعة عجلون الوطنية

فهرس بحث المكتبة

الخطاب السامي لصاحب الجلالة الهاشمية الملك عبدالله الثاني ابن الحسين المعظم، المجلد الثامن عشر (Record no. 29999)

MARC details
000 -LEADER
fixed length control field 01020nam a2200193Ii 4500
003 - CONTROL NUMBER IDENTIFIER
control field JO-AjNU
008 - FIXED-LENGTH DATA ELEMENTS--GENERAL INFORMATION
fixed length control field 230605s9999||||xx |||||||||||||| ||und||
017 ## - COPYRIGHT OR LEGAL DEPOSIT NUMBER
Copyright or legal deposit number 2019/1/442
040 ## - CATALOGING SOURCE
Original cataloging agency JO-AjNU
Language of cataloging ara
Description conventions rda
Transcribing agency JO-AjNU
041 ## - LANGUAGE CODE
Language code of text/sound track or separate title ara
050 14 - LIBRARY OF CONGRESS CALL NUMBER
Classification number DS154.56.A22 2018
100 3# - MAIN ENTRY--PERSONAL NAME
Personal name اعداد الديوان الملكي العاشمي العامر؛ جمع وتحرير منتهى قبلان العبداللات؛ المتابعة والتنسيق جنان زكي ابو زياد واحرون,
Relator term author
9 (RLIN) 58811
245 00 - TITLE STATEMENT
Title الخطاب السامي لصاحب الجلالة الهاشمية الملك عبدالله الثاني ابن الحسين المعظم، المجلد الثامن عشر
264 31 - PRODUCTION, PUBLICATION, DISTRIBUTION, MANUFACTURE, AND COPYRIGHT NOTICE
Place of production, publication, distribution, manufacture عمان: الديوان الملكي العاشمي العامر، وحدة التوثيق والارشفة - ادارة الشؤون الادارية، 2019
300 ## - PHYSICAL DESCRIPTION
Extent مج18: 160ص
336 ## - CONTENT TYPE
Content type term text
Content type code txt
Source rdacontent
337 ## - MEDIA TYPE
Media type term unmediated
Media type code n
Source rdamedia
338 ## - CARRIER TYPE
Carrier type term volume
Carrier type code nc
Source rdacarrier
Holdings
Withdrawn status Lost status Source of classification or shelving scheme Damaged status Not for loan Home library Current library Shelving location Date acquired Total Checkouts Full call number Barcode Date last seen Price effective from Koha item type
    Library of Congress Classification     مكتبة جامعة عجلون الوطنية مكتبة جامعة عجلون الوطنية   06/06/2023   DS154.56.A22 2018 A26431 06/06/2023 06/06/2023 Reference